Europe: le continent perdu?
Wedi'i Gadw mewn:
| Prif Awdur: | |
|---|---|
| Fformat: | Llyfr |
| Iaith: | Ffrangeg |
| Cyhoeddwyd: |
s.l
Avant-Propos
2012
|
| Rhifyn: | 1a. ed |
| Pynciau: | |
| Tagiau: |
Ychwanegu Tag
Dim Tagiau, Byddwch y cyntaf i dagio'r cofnod hwn!
|
MARC
| LEADER | 00000cam a2200000 a 4500 | ||
|---|---|---|---|
| 001 | UCC8573 | ||
| 003 | CL-VaPUC | ||
| 008 | 190719e20120000be |||||||||||||||||fre|d | ||
| 020 | |a 9782930627328 | ||
| 082 | 0 | 4 | |a 330.94 |b MAY |2 21 |
| 100 | |a Maystadt, Philippe |e autor |9 603240 | ||
| 245 | 1 | 0 | |a Europe: le continent perdu? |
| 250 | |a 1a. ed | ||
| 300 | |a 171 p | ||
| 942 | |c BK | ||
| 945 | |d 20190719 13:28:00 |a dcastane | ||
| 260 | |a s.l |b Avant-Propos |c 2012 | ||
| 650 | 0 | |a Política económica |9 255029 | |
| 650 | 7 | |a ECONOMIA EUROPEA |2 CL-VaPUC |9 603241 | |
| 650 | 7 | |a UNION EUROPEA |2 CL-VaPUC |9 603242 | |
| 583 | |a last modification |c 20190719 13:28:00 |k Rodrigo Vera | ||
| 999 | |c 374848 |d 374846 | ||
| 952 | |0 0 |1 0 |3 erb |4 0 |6 330_940000000000000_MAY_2012 |7 0 |8 A |9 493587 |a BIBDER |b BIBDER |i 5593565 |o 330.94 MAY 2012 |p 5593565 |r 2023-01-25 |w 2019-11-24 |y BK |z Catalogado en:20190719 |k DER | ||